<?xml version="1.0" encoding="UTF-8"?>
<record
    xmlns:xsi="http://www.w3.org/2001/XMLSchema-instance"
    xsi:schemaLocation="http://www.loc.gov/MARC21/slim http://www.loc.gov/standards/marcxml/schema/MARC21slim.xsd"
    xmlns="http://www.loc.gov/MARC21/slim">

  <leader>02012nam a22001697a 4500</leader>
  <controlfield tag="008">160204b        xxu||||| |||| 00| 0 eng d</controlfield>
  <datafield tag="050" ind1=" " ind2=" ">
    <subfield code="a">QR 41.2.P4</subfield>
  </datafield>
  <datafield tag="100" ind1=" " ind2=" ">
    <subfield code="a">Pelczar,Micheal J</subfield>
  </datafield>
  <datafield tag="245" ind1=" " ind2=" ">
    <subfield code="a">Microbiology ./</subfield>
    <subfield code="c">Micheal J.Pelczar.</subfield>
  </datafield>
  <datafield tag="260" ind1=" " ind2=" ">
    <subfield code="a">New york.:</subfield>
    <subfield code="b">McGraw-Hill,</subfield>
    <subfield code="c">1986.</subfield>
  </datafield>
  <datafield tag="300" ind1=" " ind2=" ">
    <subfield code="a">xi,918,:</subfield>
    <subfield code="b">ill,</subfield>
    <subfield code="c">24cm.</subfield>
  </datafield>
  <datafield tag="500" ind1=" " ind2=" ">
    <subfield code="a">Includes index.</subfield>
  </datafield>
  <datafield tag="505" ind1=" " ind2=" ">
    <subfield code="a">Contents: The scope of microbiology -- The history of microbiology -- The characterization,classification,and identification of microorganisms --  The microscopic examination of microorganisms -- The morphology and fine structure of bacteria -- The cultivation of bacteria -- Reproduction and growth -- Pure culture and culture characteristic -- Enzymes and their regulation -- Microbial metabolism:energy production -- Microbial metabolism:utilization of energy and biosynthesis -- Bacterial genetics -- The world of bacteria I:''ordinary'' gram-negative bacteria -- The world of bacteria II: ''ordinary gram-positive bacteria -- The world of bacteria III: ''ordinary with unsual properties -- The world of bacteria IV: 'gram-positive,filamentous bacteria of complex morphology -- Fungi-model and yeasts -- Algae -- Protozoa -- viruses of bacteria -- Viruses of animals and plant -- Control of microorganisms by chemical agents -- Antibiotics and other chemotherapeutic agents -- Microbiology of soil -- Aquatic microbiology -- Microbiology of domestic water and wastewater -- Microbiology of food -- Industrial microbiology -- Microbial flora of the healthy human host -- Host-microbe interactions: the process of infection -- Natural resistance and nonspecific defense mechanisms -- Basic and theoretical aspects of the immune response -- Assays and applications of immune response -- Epidemiology of infectious diseases -- Microbial agents of diseases:  bacteria  -- Microbial of agents of diseases : viruses -- Microbial Agents of diseases: fungi and protozoa -- Glossary.</subfield>
  </datafield>
  <datafield tag="700" ind1=" " ind2=" ">
    <subfield code="a">Chan.E.C.S</subfield>
  </datafield>
  <datafield tag="710" ind1=" " ind2=" ">
    <subfield code="a">Krieg.Noel R</subfield>
  </datafield>
  <datafield tag="942" ind1=" " ind2=" ">
    <subfield code="2">lcc</subfield>
    <subfield code="c">BK</subfield>
  </datafield>
  <datafield tag="999" ind1=" " ind2=" ">
    <subfield code="c">5841</subfield>
    <subfield code="d">13341</subfield>
  </datafield>
  <datafield tag="952" ind1=" " ind2=" ">
    <subfield code="0">0</subfield>
    <subfield code="1">0</subfield>
    <subfield code="2">lcc</subfield>
    <subfield code="4">0</subfield>
    <subfield code="7">0</subfield>
    <subfield code="8">NFIC</subfield>
    <subfield code="a">WIUC-1</subfield>
    <subfield code="b">WIUC-1</subfield>
    <subfield code="c">NURS L.</subfield>
    <subfield code="d">2016-02-04</subfield>
    <subfield code="l">0</subfield>
    <subfield code="o">QR 41.2.P4</subfield>
    <subfield code="p">NURS/094/16</subfield>
    <subfield code="r">2016-02-04 00:00:00</subfield>
    <subfield code="t">1</subfield>
    <subfield code="w">2016-02-04</subfield>
    <subfield code="y">BK</subfield>
  </datafield>
</record>
